Носитель на основе оксидов алюминия и магния; Перспективы развития фундаментальных наук; Т. 2 : Химия

Dades bibliogràfiques
Parent link:Перспективы развития фундаментальных наук=Prospects of Fundamental Sciences Development: сборник научных трудов XVI Международной конференции студентов, аспирантов и молодых ученых, г. Томск, 23-26 апреля 2019 г./ Национальный исследовательский Томский политехнический университет (ТПУ) ; под ред. И. А. Курзиной, Г. А. Вороновой.— , 2019
Т. 2 : Химия.— 2019.— [С. 231-233]
Autor principal: Черемнов А. М.
Autor corporatiu: Национальный исследовательский Томский политехнический университет Инженерная школа новых производственных технологий Отделение материаловедения
Altres autors: Айтмагамбетова А. Ж. (научный руководитель), Илела А. Э. Алфа Эдисон
Sumari:Заглавие с экрана
This study is about the possibility of using nanopowders based on aluminum and magnesium oxides [Al{3+}]: [Mg{2+}]=0.25: 0.75; 0.5: 0.5; 0.75: 0.25. Nanopowders of these materials contain mainly two phases: magnesium oxide (MgO) and aluminum-magnesium spinel (MgAl2O4). It has found that with an increase in the content of the magnesium oxide phase in the system, the porosity decreases but the increase in the spinel phase, the porosity increases significantly.
Idioma:rus
Publicat: 2019
Matèries:
Accés en línia:http://earchive.tpu.ru/handle/11683/55901
Format: MixedMaterials Electrònic Capítol de llibre
KOHA link:https://koha.lib.tpu.ru/cgi-bin/koha/opac-detail.pl?biblionumber=629758

MARC

LEADER 00000naa2a2200000 4500
001 629758
005 20231101133558.0
035 |a (RuTPU)RU\TPU\conf\30514 
035 |a RU\TPU\conf\30511 
090 |a 629758 
100 |a 20190924d2019 k y0rusy50 ca 
101 0 |a rus  |d eng 
102 |a RU 
105 |a y z 100zy 
135 |a drcn ---uucaa 
181 0 |a i  
182 0 |a b 
200 1 |a Носитель на основе оксидов алюминия и магния  |d Drug carriers based on Al[2]O[3]-MgO  |f А. М. Черемнов, А. Ж. Айтмагамбетова  |g науч. рук. А. Э. Илела 
203 |a Текст  |c электронный 
230 |a 1 компьютерный файл (pdf; 272 Kb) 
300 |a Заглавие с экрана 
320 |a [Библиогр.: с. 233 (4 назв.)] 
330 |a This study is about the possibility of using nanopowders based on aluminum and magnesium oxides [Al{3+}]: [Mg{2+}]=0.25: 0.75; 0.5: 0.5; 0.75: 0.25. Nanopowders of these materials contain mainly two phases: magnesium oxide (MgO) and aluminum-magnesium spinel (MgAl2O4). It has found that with an increase in the content of the magnesium oxide phase in the system, the porosity decreases but the increase in the spinel phase, the porosity increases significantly. 
461 1 |0 (RuTPU)RU\TPU\conf\30347  |t Перспективы развития фундаментальных наук  |l Prospects of Fundamental Sciences Development  |o сборник научных трудов XVI Международной конференции студентов, аспирантов и молодых ученых, г. Томск, 23-26 апреля 2019 г.  |o в 7 т.  |f Национальный исследовательский Томский политехнический университет (ТПУ) ; под ред. И. А. Курзиной, Г. А. Вороновой  |d 2019 
463 1 |0 (RuTPU)RU\TPU\conf\30349  |t Т. 2 : Химия  |v [С. 231-233]  |d 2019 
510 1 |a Drug carriers based on Al[2]O[3]-MgO  |z eng 
610 1 |a электронный ресурс 
610 1 |a труды учёных ТПУ 
610 1 |a носители 
610 1 |a оксиды алюминия 
610 1 |a окиды магния 
610 1 |a композитные порошки 
610 1 |a нанопорошки 
610 1 |a лекарственные препараты 
610 1 |a адресная доставка 
610 1 |a токсичность 
700 1 |a Черемнов  |b А. М. 
701 1 |a Айтмагамбетова  |b А. Ж. 
702 1 |a Илела  |b А. Э.  |c специалист в области материаловедения  |c ассистент кафедры Томского политехнического университета  |f 1982-  |g Алфа Эдисон  |2 stltpush  |4 727 
712 0 2 |a Национальный исследовательский Томский политехнический университет  |b Инженерная школа новых производственных технологий  |b Отделение материаловедения  |h 7871  |2 stltpush  |3 (RuTPU)RU\TPU\col\23508 
801 2 |a RU  |b 63413507  |c 20190926  |g RCR 
856 4 |u http://earchive.tpu.ru/handle/11683/55901 
942 |c BK